000 01504nam a2200373Ia 4500
001 ebr10044853
003 CaPaEBR
006 m u
007 cr cn|||||||||
008 020316s2002 nyuab s 001 0 eng d
010 _z 2002025390
020 _z0333964314 (cloth)
020 _z0333964322 (pbk.)
040 _aCaPaEBR
_cCaPaEBR
035 _a(OCoLC)55664326
050 1 4 _aHF1359
_b.G5837 2002eb
082 0 4 _a330.9172/4
_221
245 0 0 _aGlobalization and the margins
_h[electronic resource] /
_cedited by Richard Grant, John Rennie Short.
260 _aNew York :
_bPalgrave Macmillan,
_c2002.
300 _axiv, 230 p. :
_bill., maps.
490 1 _aInternational political economy series
500 _aIncludes index.
533 _aElectronic reproduction.
_bPalo Alto, Calif. :
_cebrary,
_d2009.
_nAvailable via World Wide Web.
_nAccess may be limited to ebrary affiliated libraries.
650 0 _aInternational economic relations.
650 0 _aGlobalization
_xEconomic aspects
_zDeveloping countries.
651 0 _aDeveloping countries
_xForeign economic relations.
651 0 _aDeveloping countries
_xEconomic conditions.
655 7 _aElectronic books.
_2local
700 1 _aGrant, Richard,
_d1964-
700 1 _aShort, John R.
710 2 _aebrary, Inc.
830 0 _aInternational political economy series (Palgrave (Firm))
856 4 0 _uhttp://site.ebrary.com/lib/rucke/Doc?id=10044853
_zAn electronic book accessible through the World Wide Web; click to view
999 _c75240
_d75240